Diseño de un plan como estrategia para los micro y pequeños empresarios del sector comercio que sirva de guía para la integración de un clusters y ser competitivos ante los cambios económicos del nuevo milenio en el municipio de Ahuachapán. (Registro nro. 11238)

Detalles MARC
000 -LEADER
fixed length control field 00773nam a2200181Ia 4500
005 - FECHA Y HORA DE LA ÚLTIMA TRANSACCIÓN
control field 20240312192941.0
008 - FIXED-LENGTH DATA ELEMENTS--GENERAL INFORMATION
fixed length control field 240312s9999 xx 000 0 und d
040 ## - CATALOGING SOURCE
Original cataloging agency UPAN
Transcribing agency Biblioteca San Vicente
Description conventions RCAA2
041 ## - LANGUAGE CODE
Language code of text/sound track or separate title spa
082 ## - DEWEY DECIMAL CLASSIFICATION NUMBER
Classification number 658.022
Item number Cor
año de publicación 2003
100 ## - MAIN ENTRY--PERSONAL NAME
Personal name Cortez Saldaña, Edwin Ernesto
Relator code aut.
245 #0 - TITLE STATEMENT
Title Diseño de un plan como estrategia para los micro y pequeños empresarios del sector comercio que sirva de guía para la integración de un clusters y ser competitivos ante los cambios económicos del nuevo milenio en el municipio de Ahuachapán.
260 ## - PUBLICATION, DISTRIBUTION, ETC. (IMPRINT)
Place of publication, distribution, etc Ahuachapán;
Name of publisher, distributor, etc Universidad Panamericana,
Date of publication, distribution, etc 2003
300 ## - PHYSICAL DESCRIPTION
Extent 150 p.;
Dimensions 28 cm.
650 ## - SUBJECT ADDED ENTRY--TOPICAL TERM
Source of heading or term LEMB
Topical term or geographic name as entry element Plan estratégico.
700 ## - ADDED ENTRY--PERSONAL NAME
Personal name Morán López, José Domingo
Relator code aut.
942 ## - ADDED ENTRY ELEMENTS (KOHA)
Koha item type Libros
Source of classification or shelving scheme Dewey Decimal Classification
Existencias
Withdrawn status Lost status Source of classification or shelving scheme Damaged status Not for loan Collection code Home library Current library Date acquired Total Checkouts Full call number Barcode Date last seen Copy number Price effective from Koha item type
    Dewey Decimal Classification     Tesario Biblioteca UPAN San Vicente Biblioteca UPAN San Vicente 12/03/2024   658.022 Cor 12100689 12/03/2024 01 12/03/2024 Trabajos de Grado